000 02089nam0a2200349 4500
001 RU\NLR\bibl\972442
005 20260406022116.0
010 _a5-7882-0310-4
_9260
021 _aRU
_b2006-39763
_91998
035 _a(NLR Aleph) 000960392
090 _a335772
_c335772
100 _a20060803d2006 |||y0rusy50 ca
101 0 _arus
102 _aRU
105 _aa |||||||||
200 1 _aИнженерные расчеты систем электрохимической защиты
_eучебное пособие
_fР.А. Кайдриков, Б.Л. Журавлев
_gФедер. агентство по образованию, Гос. образоват. учреждение высш. проф. образования "Казан. гос. технол. ун-т"
210 _aКазань
_cИзд-во Казанского государственного технологического университета
_d2006
215 _a149 с.
_cил.
_d20
313 _aтрубопроводов и нефт. резервуаров
320 _aБиблиогр.: с. 148 (15 назв.)
606 1 _aТрубопроводный транспорт
_jУчебные издания для высших учебных заведений
_xТрубопроводы
_xКоррозия и защита от нее электрохимическая
_92251569
_3RU\NLR\auth\661350499
606 1 _aНефтяные резервуары
_jУчебные издания для высших учебных заведений
_xКоррозия и защита от нее электрохимическая
_92435288
_3RU\NLR\auth\661449193
686 _aО71-082.042я73-1
686 _aЛ54-309-52-030.64я73-1
700 1 _aКайдриков
_bР. А.
_gРустем Алиевич
_4070
701 1 _4070
_8rus
_7ca
_aЖуравлев
_bБ. Л.
_cд-р хим. наук
_gБорис Леонидович
_3RU\NLR\auth\77123671
_9106596
801 0 _aRU
_bNLR
_c20060803
_grcr
801 1 _aRU
_bNLR
_c20060803
830 _aАвт. по ЭК
942 _cBOOK
980 _aNB